[Event "Senior DM 2019-65+"]
[Site "Aarhus"]
[Date "2019.02.11"]
[Round "1"]
[White "Christiansen, Arne"]
[Black "Larsen, Arne Walther"]
[Result "1-0"]
[WhiteElo "2039"]
[BlackElo "1752"]
[EventDate "2019.02.09"]
[EventType "swiss"]
[EventRounds "7"]
[EventCountry "DEN"]

1. d4 Nf6 2. c4 c5 3. d5 b5 4. Nf3 g6 5. cxb5 a6 6. b6 Qxb6 7. Nc3 Bg7 8. e4 d6
9. Be2 O-O 10. O-O Nbd7 11. Qc2 Re8 12. h3 Nf8 13. Nd2 e6 14. Nc4 Qc7 15. Bf4
e5 16. Be3 N6d7 17. Rab1 Rb8 18. a3 f5 19. f3 Nb6 20. Nxb6 Rxb6 21. Na4 Rb5 22.
b4 Bd7 23. bxc5 Rxb1 24. Rxb1 Bxa4 25. Qxa4 Rb8 26. Rxb8 Qxb8 27. c6 fxe4 28.
fxe4 Bf6 29. Qb4 1-0

[Event "Senior DM 2019-65+"]
[Site "Aarhus"]
[Date "2019.02.11"]
[Round "1"]
[White "Hardlei, Kim"]
[Black "Kolbak, Jens"]
[Result "0-1"]
[WhiteElo "1825"]
[BlackElo "2129"]
[EventDate "2019.02.09"]
[EventType "swiss"]
[EventRounds "7"]
[EventCountry "DEN"]

1. e4 e5 2. Nf3 Nc6 3. d4 exd4 4. Nxd4 Nf6 5. Nxc6 bxc6 6. Bd3 d6 7. O-O Be7 8.
Qe2 O-O 9. e5 dxe5 10. Qxe5 Bd6 11. Qc3 Bd7 12. Nd2 Nd5 13. Qc4 Nf4 14. Be4 Rb8
15. a3 c5 16. Nb3 Bb5 17. Bxh7+ Kxh7 18. Qe4+ f5 19. Qf3 Bxf1 20. Bxf4 Bc4 21.
Na5 Bxf4 22. Qxf4 Bb5 23. a4 Be8 24. Nb3 Qd6 25. Qh4+ Kg8 26. Re1 Bf7 27. h3
Rfe8 0-1

[Event "Senior DM 2019-65+"]
[Site "Aarhus"]
[Date "2019.02.11"]
[Round "1"]
[White "Haugaard, Thomas"]
[Black "Stald, Flemming"]
[Result "1-0"]
[WhiteElo "1691"]
[BlackElo "1954"]
[EventDate "2019.02.09"]
[EventType "swiss"]
[EventRounds "7"]
[EventCountry "DEN"]

1. d4 f5 2. c4 e6 3. Nf3 Nf6 4. g3 g6 5. Bg2 Bg7 6. O-O O-O 7. Nbd2 Nc6 8. Nb3
d6 9. Bf4 h6 10. h4 Nh5 11. Qd2 Kh7 12. Nc1 Bd7 13. Nd3 Qe8 14. Be3 Rd8 15. Qc1
e5 16. dxe5 dxe5 17. Nc5 Bc8 18. Rd1 Qe7 19. Nb3 Rxd1+ 20. Qxd1 Rd8 21. Qc2 Qf7
22. Rd1 Rxd1+ 23. Qxd1 Qxc4 24. Nfd2 Qe6 25. Nc5 Qd6 26. Qc2 a6 27. Nc4 Qe7 28.
Nxa6 bxa6 29. Bxc6 f4 30. Be4 Qf7 31. gxf4 exf4 32. Bd2 Be6 33. b3 Qf6 34. Bc1
Bf7 35. Bb2 Qxh4 36. Bxg7 Nxg7 37. Nd2 Qg5+ 38. Kf1 Qe5 39. Nf3 Qd6 40. Nh4 Ne8
41. Ng2 Kg7 42. Ne1 Nf6 43. Bd3 Ng4 44. Nf3 Qb6 45. Qc3+ Kg8 46. Qd4 a5 47. Bc4
Bxc4 48. Qxc4+ Kg7 49. Qc3+ Kf7 50. Ne5+ Nxe5 51. Qxe5 g5 52. Qd5+ Kf6 53. Qf3
Qc5 54. e3 Qd6 55. exf4 Qxf4 56. Qc3+ Qe5 57. Qc6+ Kg7 58. Qd7+ Kg6 59. Qd3+
Qf5 60. Qa6+ Kh5 61. Qe2+ g4 62. Qe8+ Kh4 63. Qe7+ Kh3 64. Qe3+ Kh4 65. Qxh6+
Qh5 66. Qf6+ Qg5 67. Qh8+ Qh5 68. Qd8+ Qg5 69. Qxc7 Qb5+ 70. Kg1 Qf5 71. Qe7+
Kh5 72. Qe8+ Kg5 73. Qg8+ Kh5 74. Qe8+ Kg5 75. a4 Qb1+ 76. Kg2 Qf5 77. Qb5 1-0

[Event "Senior DM 2019-65+"]
[Site "Aarhus"]
[Date "2019.02.11"]
[Round "1"]
[White "Jorgensen, Arne Bjorn"]
[Black "Simonsen, Kurt"]
[Result "1-0"]
[WhiteElo "2001"]
[BlackElo "1657"]
[EventDate "2019.02.09"]
[EventType "swiss"]
[EventRounds "7"]
[EventCountry "DEN"]

1. d4 d5 2. c4 Nf6 3. cxd5 Nxd5 4. Nf3 g6 5. e4 Nb6 6. Nc3 Bg7 7. Be3 c6 8. h3
Be6 9. b3 f6 10. Be2 N8d7 11. Qd2 h6 12. Rc1 Rc8 13. O-O g5 14. Rfd1 O-O 15. d5
cxd5 16. exd5 Bf7 17. Nd4 Nxd5 18. Nxd5 Rxc1 19. Nxe7+ Qxe7 20. Qxc1 Be6 21.
Nxe6 Qxe6 22. Bc4 1-0

[Event "Senior DM 2019-65+"]
[Site "Aarhus"]
[Date "2019.02.11"]
[Round "1"]
[White "Kristensen, Lars Ostergaard"]
[Black "Strachan, Christian C"]
[Result "0-1"]
[WhiteElo "1624"]
[BlackElo "1912"]
[EventDate "2019.02.09"]
[EventType "swiss"]
[EventRounds "7"]
[EventCountry "DEN"]

1. d4 d5 2. c4 c6 3. Nc3 Nf6 4. cxd5 cxd5 5. Bf4 a6 6. e3 Nc6 7. Bd3 e6 8. Nf3
Bd6 9. Bxd6 Qxd6 10. Rc1 O-O 11. O-O b5 12. Qe2 Bb7 13. Rfd1 Rad8 14. b3 g6 15.
a4 b4 16. Na2 a5 17. Bb5 Nb8 18. Rc2 Rc8 19. Rdc1 Rxc2 20. Rxc2 Ne4 21. Ne5 f6
22. Nd3 Qb6 23. Nc5 Nxc5 24. Rxc5 Rc8 25. Rxc8+ Bxc8 26. Qc2 Bb7 27. Nc1 Kf7
28. Nd3 Ke7 29. Qc5+ Qxc5 30. Nxc5 Bc8 31. Kf1 Kd6 32. Ke2 e5 33. f3 Nc6 34.
Kd3 Bf5+ 35. e4 dxe4+ 36. fxe4 Bc8 37. Bxc6 Kxc6 38. Ke3 f5 39. Nd3 exd4+ 40.
Kxd4 fxe4 41. Kxe4 Be6 42. Nc1 Bd5+ 43. Kd4 Bxg2 44. h4 Bd5 45. Ke5 h6 46. Kf6
Be4 47. Ke5 Bc2 48. Kd4 g5 49. hxg5 hxg5 50. Kc4 Bd1 51. Kd3 Kd5 52. Kd2 Bh5
53. Nd3 Kd4 54. Nf2 Bf7 55. Nh3 g4 56. Nf2 g3 57. Nh3 Bxb3 58. Ng1 Kc4 59. Kc1
Bxa4 60. Kb2 Bd1 61. Kc1 Bg4 0-1

[Event "Senior DM 2019-65+"]
[Site "Aarhus"]
[Date "2019.02.11"]
[Round "1"]
[White "Larsen, Finn"]
[Black "Jensen, Vagn"]
[Result "0-1"]
[WhiteElo "1824"]
[BlackElo "2141"]
[EventDate "2019.02.09"]
[EventType "swiss"]
[EventRounds "7"]
[EventCountry "DEN"]

1. c4 e5 2. Nc3 Nf6 3. g3 c6 4. Bg2 d5 5. cxd5 cxd5 6. d3 d4 7. Ne4 Nxe4 8.
Bxe4 Be7 9. Bg2 Nc6 10. Nf3 O-O 11. O-O Be6 12. Bd2 a5 13. h4 f6 14. Qa4 Qb6
15. Rfb1 Qa6 16. Ne1 b5 17. Qd1 Rac8 18. Rc1 Nb4 19. Rxc8 Rxc8 20. Bxb4 axb4
21. Qb1 Qd6 22. a3 b3 23. a4 bxa4 24. Rxa4 Qc7 25. Ra8 Rxa8 26. Bxa8 Bb4 27.
Bf3 Qa5 28. Kf1 Bxe1 0-1

[Event "Senior DM 2019-65+"]
[Site "Aarhus"]
[Date "2019.02.11"]
[Round "1"]
[White "Larsen, Jorgen Rene"]
[Black "Madsen, Svend Aage"]
[Result "0-1"]
[WhiteElo "1719"]
[BlackElo "2040"]
[EventDate "2019.02.09"]
[EventType "swiss"]
[EventRounds "7"]
[EventCountry "DEN"]

1. g3 e5 2. Bg2 d5 3. c3 Nc6 4. e4 d4 5. d3 Bc5 6. b4 Bd6 7. b5 Nce7 8. c4 c6
9. a4 a6 10. Na3 axb5 11. cxb5 Bd7 12. Nc4 Bc7 13. Bd2 cxb5 14. axb5 Bxb5 15.
Nb2 Ba5 16. Bxa5 Rxa5 17. Rxa5 Qxa5+ 18. Qd2 Nc6 19. Ne2 Nge7 20. O-O Qxd2 0-1

[Event "Senior DM 2019-65+"]
[Site "Aarhus"]
[Date "2019.02.11"]
[Round "1"]
[White "Matras, Ove"]
[Black "Hartung Nielsen, Jens"]
[Result "0-1"]
[WhiteElo "1826"]
[BlackElo "2192"]
[EventDate "2019.02.09"]
[EventType "swiss"]
[EventRounds "7"]
[EventCountry "DEN"]

1. b3 e5 2. Bb2 Nc6 3. e3 d5 4. Nf3 Bd6 5. Be2 Nf6 6. d4 e4 7. Nfd2 Ne7 8. c4
c6 9. Nc3 O-O 10. O-O Re8 11. Re1 Nf5 12. Nf1 a6 13. f3 exf3 14. Bxf3 Bc7 15.
cxd5 cxd5 16. Rc1 Be6 17. Qd3 Ba5 18. a3 Bxc3 19. Rxc3 Nd6 20. Ng3 Qd7 21. Rec1
Rac8 22. e4 dxe4 23. Nxe4 Ndxe4 24. Bxe4 Nxe4 25. Qxe4 Rxc3 26. Rxc3 Bxb3 27.
Qh4 Bd5 28. Qf2 Qg4 29. Rc1 h6 30. h3 Qe4 31. Bc3 Qd3 32. Re1 Rc8 33. Re3 Qb1+
34. Kh2 Qc1 35. Qf5 Rd8 36. Rg3 Kh8 37. Bb4 Qc7 38. Qe5 Qxe5 39. dxe5 Be6 40.
Re3 Rd5 41. Kg3 Kh7 42. h4 Rd4 43. Be7 Kg6 44. Re2 Bd5 45. Bb4 h5 46. Rd2 Rg4+
47. Kh2 Rxh4+ 48. Kg1 Bc6 49. Re2 Rg4 50. e6 fxe6 51. Rxe6+ Kf5 52. Re2 Be4 53.
Bd6 Ke6 54. Bc7 Kd5 55. Kh2 Kc6 56. Be5 g6 57. g3 Kd5 58. Bf6 Kc4 59. Rb2 b5
60. Rb4+ Kd5 61. Bd8 Bf5 62. Rb3 Rc4 63. Kg2 Ke4 64. Ba5 Rc2+ 65. Kf1 Be6 66.
Rb4+ Bc4+ 67. Ke1 Rc3 68. Rxb5 Re3+ 0-1

[Event "Senior DM 2019-65+"]
[Site "Aarhus"]
[Date "2019.02.11"]
[Round "1"]
[White "Mikkelsen, Peter Jorgen Dam"]
[Black "Andersson, Finn"]
[Result "1/2-1/2"]
[WhiteElo "2070"]
[BlackElo "1837"]
[EventDate "2019.02.09"]
[EventType "swiss"]
[EventRounds "7"]
[EventCountry "DEN"]

1. c4 c5 2. Nc3 Nc6 3. g3 g6 4. Bg2 Bg7 5. e3 e6 6. Nge2 Nge7 7. O-O O-O 8. d4
cxd4 9. Nxd4 Nxd4 10. exd4 d5 11. cxd5 Nxd5 12. Qb3 Qb6 13. Nxd5 exd5 14. Qxb6
axb6 15. Be3 Be6 16. Bf3 Rfc8 17. Bd1 Bd7 18. Bb3 Bc6 19. Rac1 Re8 20. Rfe1 Re6
21. a3 Kf8 22. Bd1 Bxd4 23. Bg4 1/2-1/2

[Event "Senior DM 2019-65+"]
[Site "Aarhus"]
[Date "2019.02.11"]
[Round "1"]
[White "Mortensen, Steen Juul"]
[Black "Nielsen, Kaj"]
[Result "1-0"]
[WhiteElo "1913"]
[BlackElo "1648"]
[EventDate "2019.02.09"]
[EventType "swiss"]
[EventRounds "7"]
[EventCountry "DEN"]

1. d4 d5 2. Nf3 Nf6 3. c4 dxc4 4. g3 e6 5. Qa4+ c6 6. Qxc4 Qa5+ 7. Bd2 Qb6 8.
Bc3 Nd5 9. Nbd2 Bb4 10. e4 Nxc3 11. bxc3 Be7 12. Bg2 Nd7 13. a4 a5 14. O-O O-O
15. Rab1 Qa6 16. Qb3 Rb8 17. Rfc1 b5 18. Bf1 Rd8 19. Qb2 Qa7 20. axb5 cxb5 21.
Bxb5 Ba6 22. c4 Bb4 23. Bxa6 Qxa6 24. Qa2 a4 25. Ra1 a3 26. c5 Rdc8 27. Nc4 Ra8
28. Nd6 Rc7 29. Rab1 Rb8 30. Rb3 Qa8 31. Rcb1 e5 32. Rxb4 Rxb4 33. Rxb4 exd4
34. Nxf7 Rxc5 35. Rxd4 Nf8 36. Nh6+ 1-0

[Event "Senior DM 2019-65+"]
[Site "Aarhus"]
[Date "2019.02.11"]
[Round "1"]
[White "Overmark, Ole"]
[Black "Hvenekilde, Jorgen"]
[Result "0-1"]
[WhiteElo "1740"]
[BlackElo "2032"]
[EventDate "2019.02.09"]
[EventType "swiss"]
[EventRounds "7"]
[EventCountry "DEN"]

1. c4 e5 2. Nc3 Nf6 3. d3 c6 4. Bg5 Be7 5. Nf3 d6 6. h3 O-O 7. Rc1 Nbd7 8. e3
Re8 9. Be2 a5 10. O-O Nf8 11. c5 N6d7 12. Bxe7 Qxe7 13. cxd6 Qxd6 14. Ne4 Qe7
15. Qb3 h6 16. Rc3 Ne6 17. Rfc1 f5 18. Nc5 Ndxc5 19. Rxc5 a4 20. Qc4 b5 21. Qc3
Nxc5 22. Qxc5 Bd7 23. Qc3 c5 24. a3 b4 25. axb4 cxb4 26. Qd2 a3 27. bxa3 bxa3
28. d4 a2 29. Ra1 exd4 30. Nxd4 Be6 31. Bf3 Reb8 32. Nxe6 Rb1+ 33. Kh2 Rxa1 34.
Bxa8 Rh1+ 0-1

[Event "Senior DM 2019-65+"]
[Site "Aarhus"]
[Date "2019.02.11"]
[Round "1"]
[White "Petersen, Peter Birk"]
[Black "Markussen, Benno Orvad"]
[Result "1-0"]
[WhiteElo "2106"]
[BlackElo "1739"]
[EventDate "2019.02.09"]
[EventType "swiss"]
[EventRounds "7"]
[EventCountry "DEN"]

1. e4 d6 2. d4 Nf6 3. Nc3 e5 4. Nf3 Nbd7 5. Bc4 Be7 6. O-O O-O 7. Re1 c6 8. a4
a5 9. h3 Qc7 10. Be3 exd4 11. Nxd4 Ne5 12. Bb3 Bd7 13. f4 Ng6 14. Nf3 Ne8 15.
Qd2 Bf6 16. Rad1 Rd8 17. Bf2 h6 18. Kh1 Bc8 19. Rf1 Kh8 20. Be3 Qe7 21. Bb6 Rd7
22. Nd4 Bxd4 23. Qxd4 f5 24. Rde1 Qf6 25. exf5 Nh4 26. g4 d5 27. Re6 Qxd4 28.
Bxd4 Rdf7 29. Rxh6+ 1-0

[Event "Senior DM 2019-65+"]
[Site "Aarhus"]
[Date "2019.02.11"]
[Round "1"]
[White "Thomassen, Ulrik"]
[Black "Rendlev, Niels Moller"]
[Result "1-0"]
[WhiteElo "1917"]
[BlackElo "1677"]
[EventDate "2019.02.09"]
[EventType "swiss"]
[EventRounds "7"]
[EventCountry "DEN"]

1. e4 e6 2. d4 d5 3. Nc3 Nf6 4. Bg5 Be7 5. e5 Nfd7 6. Bxe7 Qxe7 7. f4 a6 8. Nf3
c5 9. Qd2 Nc6 10. O-O-O cxd4 11. Nxd4 Nc5 12. Be2 Bd7 13. Bf3 Rc8 14. Rhe1 g6
15. Bxd5 Nb4 16. Bb3 Nxb3+ 17. Nxb3 Bc6 18. a3 Nd5 19. Ne4 O-O 20. Nd6 Rcd8 21.
Nd4 Ba4 22. b3 Be8 23. Kb2 b5 24. f5 gxf5 25. N4xf5 1-0

[Event "Senior DM 2019-65+"]
[Site "Aarhus"]
[Date "2019.02.12"]
[Round "2"]
[White "Andersson, Finn"]
[Black "Haugaard, Thomas"]
[Result "0-1"]
[WhiteElo "1837"]
[BlackElo "1691"]
[EventDate "2019.02.09"]
[EventType "swiss"]
[EventRounds "7"]
[EventCountry "DEN"]

1. e4 c5 2. Ne2 d6 3. d4 cxd4 4. Nxd4 Nf6 5. Nc3 a6 6. h3 e5 7. Nb3 Be6 8. Be3
Be7 9. Be2 Nbd7 10. O-O Qc7 11. Nd5 Bxd5 12. exd5 O-O 13. f4 exf4 14. Rxf4 Ne5
15. c4 Nfd7 16. Rf1 Nxc4 17. Rc1 b5 18. Bxc4 bxc4 19. Nd4 Ne5 20. b3 c3 21. Nf5
Bf6 22. Nh6+ Kh8 23. Bd4 Qd8 24. Nf5 Rc8 25. Rxc3 Rxc3 26. Bxc3 g6 27. Nd4 Bg7
28. Qd2 Qc7 29. Rc1 Rc8 30. Qb2 Nd3 31. Ne6 Bxc3 32. Rxc3 Qxc3 0-1

[Event "Senior DM 2019-65+"]
[Site "Aarhus"]
[Date "2019.02.12"]
[Round "2"]
[White "Hartung Nielsen, Jens"]
[Black "Jorgensen, Arne Bjorn"]
[Result "1-0"]
[WhiteElo "2192"]
[BlackElo "2001"]
[EventDate "2019.02.09"]
[EventType "swiss"]
[EventRounds "7"]
[EventCountry "DEN"]

1. e4 e6 2. d4 d5 3. Nc3 dxe4 4. Nxe4 Be7 5. Nf3 Nd7 6. Bd3 Ngf6 7. Qe2 O-O 8.
Bg5 c5 9. Nxc5 Nxc5 10. dxc5 Qa5+ 11. c3 Qxc5 12. O-O-O Rd8 13. Ne5 a5 14. Bxf6
Bxf6 15. Bxh7+ Kxh7 16. Qh5+ Kg8 17. Qxf7+ Kh7 18. Qh5+ Kg8 19. Qf7+ Kh7 20.
Qg6+ Kg8 21. Rxd8+ Bxd8 22. Qf7+ Kh7 23. Qg6+ Kg8 24. Rd1 Bf6 25. Qf7+ Kh7 26.
Qh5+ Kg8 27. Rd3 Qe7 28. Ng6 Qc7 29. Rf3 Qc4 30. Qh8+ Kf7 31. Ne5+ 1-0

[Event "Senior DM 2019-65+"]
[Site "Aarhus"]
[Date "2019.02.12"]
[Round "2"]
[White "Hvenekilde, Jorgen"]
[Black "Nielsen, Bent K"]
[Result "1-0"]
[WhiteElo "2032"]
[BlackElo "1278"]
[EventDate "2019.02.09"]
[EventType "swiss"]
[EventRounds "7"]
[EventCountry "DEN"]

1. e4 e5 2. Nf3 Nc6 3. Bc4 Be7 4. O-O Nf6 5. d3 d5 6. exd5 Nxd5 7. h3 O-O 8.
Re1 f6 9. Nc3 Be6 10. d4 Na5 11. Bxd5 Bxd5 12. Nxd5 Qxd5 13. dxe5 Rad8 14.
Qxd5+ Rxd5 15. Bd2 fxe5 16. Bxa5 Rxa5 17. Rxe5 Rxe5 18. Nxe5 Bc5 19. Nd3 Bd6
20. Re1 g6 21. Re4 Rf7 22. Kf1 Kf8 23. Ke2 b5 24. a4 a6 25. g3 c5 26. Re6 Re7
27. Rxe7 Kxe7 28. axb5 axb5 29. b3 Ke6 30. c4 bxc4 31. bxc4 g5 32. Kf3 h5 33.
Ke4 Be7 34. f4 h4 35. g4 Kd6 36. fxg5 Bxg5 37. Ne5 Ke6 38. Nf3 Bd8 39. g5 Ba5
1-0

[Event "Senior DM 2019-65+"]
[Site "Aarhus"]
[Date "2019.02.12"]
[Round "2"]
[White "Jensen, Vagn"]
[Black "Thomassen, Ulrik"]
[Result "1/2-1/2"]
[WhiteElo "2141"]
[BlackElo "1917"]
[EventDate "2019.02.09"]
[EventType "swiss"]
[EventRounds "7"]
[EventCountry "DEN"]

1. e4 e5 2. Bc4 Nf6 3. d3 Bc5 4. Nf3 Nc6 5. a4 d5 6. exd5 Nxd5 7. O-O O-O 8. h3
Qd6 9. Nbd2 Nf6 10. Bb5 Nd4 11. Nc4 Nxf3+ 12. Qxf3 Qe7 13. Nd2 Be6 14. Re1 c6
15. Bc4 Bd5 16. Qf5 Rfe8 17. Bxd5 cxd5 18. Nf3 Qd7 19. Qxd7 Nxd7 20. c3 e4 21.
dxe4 dxe4 22. Nh2 Ne5 23. Be3 1/2-1/2

[Event "Senior DM 2019-65+"]
[Site "Aarhus"]
[Date "2019.02.12"]
[Round "2"]
[White "Kolbak, Jens"]
[Black "Mortensen, Steen Juul"]
[Result "1-0"]
[WhiteElo "2129"]
[BlackElo "1913"]
[EventDate "2019.02.09"]
[EventType "swiss"]
[EventRounds "7"]
[EventCountry "DEN"]

1. e4 e5 2. Nf3 Nc6 3. Bb5 a6 4. Ba4 Nf6 5. Nc3 Be7 6. O-O b5 7. Bb3 d6 8. a4
b4 9. Nd5 Nxd5 10. Bxd5 Bb7 11. d4 exd4 12. Nxd4 Qd7 13. Nf5 Bf6 14. c3 bxc3
15. bxc3 Rb8 16. Rb1 O-O 17. Be3 Na5 18. Bd4 Bxd5 19. Bxf6 Rxb1 20. Qg4 Rxf1+
21. Kxf1 1-0

[Event "Senior DM 2019-65+"]
[Site "Aarhus"]
[Date "2019.02.12"]
[Round "2"]
[White "Larsen, Arne Walther"]
[Black "Larsen, Jorgen Rene"]
[Result "1/2-1/2"]
[WhiteElo "1752"]
[BlackElo "1719"]
[EventDate "2019.02.09"]
[EventType "swiss"]
[EventRounds "7"]
[EventCountry "DEN"]

1. Nf3 Nf6 2. g3 g6 3. c4 Bg7 4. Nc3 c6 5. Bg2 O-O 6. O-O d5 7. cxd5 Nxd5 8. d4
Bf5 9. Ne5 Nxc3 10. bxc3 Bxe5 11. dxe5 Qa5 12. e4 Be6 13. f4 Bc4 14. Rf3 Rd8
15. Qc2 Qa6 16. Bf1 Nd7 17. Be3 Bxf1 18. Rfxf1 e6 19. Rfd1 Nb6 20. Bxb6 Qxb6+
21. Kg2 c5 22. Rab1 Qc7 1/2-1/2

[Event "Senior DM 2019-65+"]
[Site "Aarhus"]
[Date "2019.02.12"]
[Round "2"]
[White "Madsen, Svend Aage"]
[Black "Petersen, Peter Birk"]
[Result "1/2-1/2"]
[WhiteElo "2040"]
[BlackElo "2106"]
[EventDate "2019.02.09"]
[EventType "swiss"]
[EventRounds "7"]
[EventCountry "DEN"]

1. e4 c5 2. Nf3 e6 3. b3 b6 4. Bb2 Bb7 5. Nc3 Nc6 6. d4 cxd4 7. Nxd4 a6 8. Nxc6
Bxc6 9. Bd3 Qc7 10. O-O Nf6 11. Qe2 Bd6 12. h3 Be5 13. Nd1 O-O 14. c3 d5 15.
exd5 Nxd5 16. Be4 Nf4 17. Qf3 Bxe4 18. Qxe4 Rad8 19. Re1 Nd3 20. Re3 f5 21. Qf3
Qd6 22. Ba3 Qxa3 23. Rxd3 Bf6 24. Rxd8 Rxd8 25. Qc6 Qd6 26. Qxd6 Rxd6 27. a4
Rd3 28. Rc1 Bg5 29. Rb1 Bd2 30. c4 a5 31. Kf1 Bb4 32. Ne3 Kf7 33. Nc2 Bc3 34.
Ne1 Rd8 35. Rc1 Bb4 36. Nc2 Bc5 37. Ke2 Kf6 38. f3 Ke5 39. g3 g5 40. Ne1 Be7
41. Nd3+ 1/2-1/2

[Event "Senior DM 2019-65+"]
[Site "Aarhus"]
[Date "2019.02.12"]
[Round "2"]
[White "Markussen, Benno Orvad"]
[Black "Overmark, Ole"]
[Result "1-0"]
[WhiteElo "1739"]
[BlackElo "1740"]
[EventDate "2019.02.09"]
[EventType "swiss"]
[EventRounds "7"]
[EventCountry "DEN"]

1. Nf3 Nf6 2. c4 c5 3. g3 Nc6 4. Nc3 g6 5. Bg2 Bg7 6. O-O O-O 7. d3 h6 8. Be3
d6 9. h3 Bd7 10. Qd2 Kh7 11. Rab1 a6 12. d4 cxd4 13. Nxd4 Qc8 14. Nxc6 bxc6 15.
Kh2 Rb8 16. b3 Bf5 17. Rbc1 Rd8 18. Rfd1 Qc7 19. f4 e5 20. Bf2 exf4 21. Qxf4
Nh5 22. Qf3 d5 23. cxd5 Be5 24. e4 Bc8 25. Ne2 Qe7 26. Rxc6 Bb7 27. Rc2 Rd6 28.
Bc5 Rbd8 29. Rf1 R8d7 30. Bxd6 Qxd6 31. h4 Qe7 32. Bh3 Qxh4 33. Kg2 Nxg3 34.
Nxg3 Bxg3 35. Qg4 Re7 36. Qxh4 Bxh4 37. Kf3 f5 38. Rd1 fxe4+ 39. Ke2 Bg5 40. d6
Rg7 41. Rc7 a5 42. Rxg7+ Kxg7 43. Be6 Ba6+ 44. Bc4 Bb7 45. Rf1 Bf6 46. d7 Bd8
47. Rf7+ Kg8 48. Re7+ 1-0

[Event "Senior DM 2019-65+"]
[Site "Aarhus"]
[Date "2019.02.12"]
[Round "2"]
[White "Nielsen, Kaj"]
[Black "Hardlei, Kim"]
[Result "1/2-1/2"]
[WhiteElo "1648"]
[BlackElo "1825"]
[EventDate "2019.02.09"]
[EventType "swiss"]
[EventRounds "7"]
[EventCountry "DEN"]

1. Nf3 d5 2. d4 Nf6 3. c4 e6 4. g3 Be7 5. Bg2 O-O 6. cxd5 exd5 7. O-O Re8 8.
Nc3 c6 9. Qc2 Bd6 10. Bg5 h6 11. Bxf6 Qxf6 12. e4 dxe4 13. Nxe4 Qg6 14. Nh4 Qh7
15. Rac1 Be7 16. Nf3 Bf5 17. Nfd2 Bb4 18. Rfe1 Nd7 19. f3 Nb6 20. a3 Bxd2 21.
Qxd2 Re7 22. Nf6+ gxf6 23. Rxe7 Rb8 24. Rce1 Nd5 25. Re8+ Rxe8 26. Rxe8+ Kg7
27. f4 Be6 28. Bxd5 Qb1+ 29. Kf2 cxd5 30. Re7 Qh1 31. Ke3 Qe4+ 32. Kf2 Qh1
1/2-1/2

[Event "Senior DM 2019-65+"]
[Site "Aarhus"]
[Date "2019.02.12"]
[Round "2"]
[White "Rendlev, Niels Moller"]
[Black "Larsen, Finn"]
[Result "1-0"]
[WhiteElo "1677"]
[BlackElo "1824"]
[EventDate "2019.02.09"]
[EventType "swiss"]
[EventRounds "7"]
[EventCountry "DEN"]

1. f4 d5 2. Nf3 c5 3. g3 Nf6 4. Bg2 Nc6 5. d3 g6 6. O-O Bg7 7. Nc3 O-O 8. h3
Re8 9. e4 d4 10. Ne2 e5 11. g4 exf4 12. Bxf4 Nd7 13. Qd2 Nde5 14. Bh6 Nxf3+ 15.
Rxf3 Ne5 16. Rf2 Be6 17. Raf1 Rf8 18. Bxg7 Kxg7 19. Nf4 Qe7 20. g5 Rae8 21. Ne2
Nd7 22. Qf4 f6 23. gxf6+ Rxf6 24. Qg3 Rxf2 25. Rxf2 Bf7 26. Nf4 Qe5 27. h4 Nf6
28. Bf3 Kh8 29. Rg2 b6 30. Qh2 Re7 31. Rg5 Qc7 32. h5 gxh5 33. Qh4 Re5 34. Rg2
Qd6 35. Qg3 Ng4 36. Bxg4 hxg4 37. Qxg4 Qf6 38. Nd5 Bxd5 39. Qc8+ 1-0

[Event "Senior DM 2019-65+"]
[Site "Aarhus"]
[Date "2019.02.12"]
[Round "2"]
[White "Simonsen, Kurt"]
[Black "Matras, Ove"]
[Result "0-1"]
[WhiteElo "1657"]
[BlackElo "1826"]
[EventDate "2019.02.09"]
[EventType "swiss"]
[EventRounds "7"]
[EventCountry "DEN"]

1. e4 e5 2. Nf3 Nc6 3. Bc4 Be7 4. c3 Nf6 5. d3 O-O 6. h3 d5 7. exd5 Nxd5 8. Bb5
Qd6 9. O-O Bd7 10. Bxc6 Bxc6 11. Bg5 f6 12. Bh4 Nf4 13. d4 e4 14. Ne1 Qd5 15.
Qg4 Ng6 16. Bg3 f5 17. Qh5 f4 18. Qxd5+ Bxd5 19. Bxf4 Nxf4 20. Nd2 Rae8 21. c4
Bb4 22. Nc2 Bxd2 23. cxd5 Nxd5 24. Ne3 Nxe3 0-1

[Event "Senior DM 2019-65+"]
[Site "Aarhus"]
[Date "2019.02.12"]
[Round "2"]
[White "Stald, Flemming"]
[Black "Mikkelsen, Peter Jorgen Dam"]
[Result "0-1"]
[WhiteElo "1954"]
[BlackElo "2070"]
[EventDate "2019.02.09"]
[EventType "swiss"]
[EventRounds "7"]
[EventCountry "DEN"]

1. d4 Nf6 2. Bf4 g6 3. e3 Bg7 4. Nc3 O-O 5. Nf3 a6 6. Bd3 d6 7. h3 Nbd7 8. Ne4
Nxe4 9. Bxe4 c6 10. c3 e5 11. dxe5 dxe5 12. Bg5 f6 13. Bh4 Qe7 14. O-O Nc5 15.
Bc2 Qc7 16. Qe2 Be6 17. b4 Nd7 18. Rfd1 Nb6 19. a3 c5 20. Rac1 Rfe8 21. Nd2 f5
22. Nb1 h6 23. f3 Rac8 24. g4 Qf7 25. e4 Kh8 26. Bf2 Nd7 27. Rd2 Rc7 28. Rcd1
cxb4 29. cxb4 Rec8 30. Bd3 Bb3 31. Re1 f4 32. b5 a5 33. b6 Rc1 34. Rxc1 Rxc1+
35. Kg2 a4 36. Rb2 Bf8 37. Qd2 Rc8 38. Qa5 Bc5 39. Bxc5 Nxc5 40. Be2 Qe7 41.
Qc3 Rc6 42. Qe1 Rxb6 43. Nd2 Rd6 44. Nxb3 axb3 45. Qc3 Na4 46. Qxb3 Nxb2 47.
Qxb2 Kh7 48. Qb4 Rd7 49. Qb5 h5 50. a4 hxg4 51. hxg4 Rd2 52. Kf1 Ra2 53. Qc4
Ra1+ 54. Kg2 Kg7 55. Qb5 Rc1 56. Qb2 Qc5 57. Qxb7+ Kh6 58. Bf1 Rc2+ 59. Kh3 Qg1
0-1

[Event "Senior DM 2019-65+"]
[Site "Aarhus"]
[Date "2019.02.12"]
[Round "2"]
[White "Strachan, Christian C"]
[Black "Christiansen, Arne"]
[Result "1/2-1/2"]
[WhiteElo "1912"]
[BlackElo "2039"]
[EventDate "2019.02.09"]
[EventType "swiss"]
[EventRounds "7"]
[EventCountry "DEN"]

1. e4 d6 2. d4 Nf6 3. Nc3 g6 4. Nf3 Bg7 5. h3 O-O 6. a4 a5 7. Be3 Na6 8. Be2 c6
9. O-O Nb4 10. Qd2 Qc7 11. Rad1 Bd7 12. Nh2 Rad8 13. f4 1/2-1/2

[Event "Senior DM 2019-65+"]
[Site "Aarhus"]
[Date "2019.02.13"]
[Round "3"]
[White "Christiansen, Arne"]
[Black "Jensen, Vagn"]
[Result "1/2-1/2"]
[WhiteElo "2039"]
[BlackElo "2141"]
[EventDate "2019.02.09"]
[EventType "swiss"]
[EventRounds "7"]
[EventCountry "DEN"]

1. d4 f5 2. Nf3 Nf6 3. g3 g6 4. c4 Bg7 5. Nc3 d6 6. Bg2 c6 7. O-O O-O 8. b4 e5
9. dxe5 Ng4 10. Bg5 Qd7 11. Rc1 Nxe5 12. Qb3 1/2-1/2

[Event "Senior DM 2019-65+"]
[Site "Aarhus"]
[Date "2019.02.13"]
[Round "3"]
[White "Hardlei, Kim"]
[Black "Larsen, Arne Walther"]
[Result "1-0"]
[WhiteElo "1825"]
[BlackElo "1752"]
[EventDate "2019.02.09"]
[EventType "swiss"]
[EventRounds "7"]
[EventCountry "DEN"]

1. e4 g6 2. d4 Bg7 3. Nc3 d6 4. Nf3 Nf6 5. Be2 O-O 6. Bg5 h6 7. Be3 Nc6 8. h3
e5 9. d5 Ne7 10. Qd2 Kh7 11. O-O-O Bd7 12. Nh2 c6 13. Ng4 cxd5 14. Nxf6+ Bxf6
15. Bxh6 Bg7 16. Bxg7 Kxg7 17. Nxd5 Nc6 18. Bg4 f5 19. exf5 gxf5 20. Be2 Be6
21. Kb1 Rc8 22. c3 a6 23. g4 f4 24. Bf3 Qa5 25. h4 Qa4 26. Qd3 Na5 27. h5 Rf6
28. h6+ Kh8 29. g5 Bf5 30. Nxf6 Bxd3+ 31. Rxd3 Nc4 32. g6 Rc7 33. g7+ Rxg7 34.
hxg7+ Kxg7 35. Nh5+ Kf8 36. b3 Qb5 37. Rhd1 Qb6 38. Bd5 Na3+ 39. Kb2 Nb5 40.
R1d2 Qd8 41. Bxb7 Qg5 42. Nxf4 Qxf4 43. Rf3 1-0

[Event "Senior DM 2019-65+"]
[Site "Aarhus"]
[Date "2019.02.13"]
[Round "3"]
[White "Haugaard, Thomas"]
[Black "Kolbak, Jens"]
[Result "0-1"]
[WhiteElo "1691"]
[BlackElo "2129"]
[EventDate "2019.02.09"]
[EventType "swiss"]
[EventRounds "7"]
[EventCountry "DEN"]

1. c4 Nf6 2. Nc3 e5 3. e4 Bc5 4. Be2 Nc6 5. Nf3 d6 6. d3 h6 7. a3 a5 8. b3 O-O
9. O-O Nd4 10. Nxd4 Bxd4 11. Bb2 c6 12. Rb1 Be6 13. Bf3 Rc8 14. Ne2 Bxb2 15.
Rxb2 d5 16. exd5 cxd5 17. Nc3 Qd6 18. Nb5 Qb8 19. Re1 Rfd8 20. Rd2 a4 21. bxa4
dxc4 22. dxc4 Rxd2 23. Qxd2 Rxc4 24. Qe2 e4 25. Qf1 Rxa4 26. Be2 Qe5 27. Rc1
Ra5 28. Rb1 Bd7 29. Rb4 Bc6 30. a4 Ra8 31. Qd1 Re8 32. Rb3 Nd5 33. Nd4 Bxa4 0-1